[Event "SR 5. liga SE-SI 2015/2016"]
[Site "?"]
[Date "2017.02.18"]
[Round "7.2"]
[White "Stefko, Martin"]
[Black "Novomeska, Karin"]
[Result "0-1"]
[WhiteElo "1000"]
[BlackElo "1110"]
[PlyCount "42"]
[EventDate "2016.??.??"]

1. d3 e5 2. e4 Nf6 3. Nf3 Bc5 4. Nxe5 d6 5. Nf3 Ng4 6. Be3 Bxe3 7. fxe3 Nxe3 8.
Qd2 Nxf1 9. Rxf1 Bg4 10. Ng5 f6 11. Qf4 Qd7 12. h3 fxg5 13. hxg4 gxf4 14. Nd2
Nc6 15. O-O-O O-O-O 16. Rxf4 Nd4 17. Rf2 Qxg4 18. c3 Ne2+ 19. Kb1 Nf4 20. Rdf1
Nxd3 21. Nf3 Nxf2 0-1

[Event "SR 5. liga SE-SI 2015/2016"]
[Site "?"]
[Date "2017.02.18"]
[Round "7.3"]
[White "Vlk, Jaroslav"]
[Black "Visvader, Kristof"]
[Result "1-0"]
[WhiteElo "1476"]
[BlackElo "1294"]
[PlyCount "113"]
[EventDate "2016.??.??"]

1. e4 e5 2. Nf3 Nc6 3. Bc4 Nf6 4. Ng5 d5 5. exd5 Nxd5 6. Nxf7 Kxf7 7. Qf3+ Ke6
8. Nc3 Ncb4 9. Qe4 c6 10. a3 Na6 11. d4 Kd7 12. Qxe5 Qe7 13. Qxe7+ Bxe7 14.
Bxd5 cxd5 15. Nxd5 Kd6 16. Nxe7 Kxe7 17. Bg5+ Kd6 18. O-O-O Re8 19. Bf4+ Kd5
20. b3 b5 21. Kd2 Kxd4 22. c3+ Kc5 23. Be3+ Kc6 24. Bd4 g6 25. Rhe1 Bd7 26.
Rxe8 Rxe8 27. Bxa7 Bf5 28. Bd4 Nc7 29. c4 bxc4 30. bxc4 Be6 31. Kc3 Ra8 32. Ra1
Bf5 33. f3 Ne6 34. g4 Nxd4 35. Kxd4 Be6 36. a4 Rd8+ 37. Kc3 h5 38. h3 Kc5 39.
Rb1 Ra8 40. Rb5+ Kc6 41. a5 hxg4 42. hxg4 Ra6 43. Kb4 Kc7 44. c5 Bd5 45. Rb6
Rxb6+ 46. cxb6+ Kb7 47. f4 Be6 48. g5 Bd7 49. Kc5 Ka6 50. Kd6 Bc8 51. Kc7 Bb7
52. f5 gxf5 53. g6 f4 54. g7 f3 55. g8=Q f2 56. Qc4+ Kxa5 57. Kxb7 1-0

[Event "SR 5. liga SE-SI 2015/2016"]
[Site "?"]
[Date "2017.02.18"]
[Round "7.3"]
[White "Jankovic, Erik"]
[Black "Ralbovsky, Dominik"]
[Result "1/2-1/2"]
[WhiteElo "1000"]
[BlackElo "1000"]
[PlyCount "122"]
[EventDate "2016.??.??"]

1. e4 e5 2. Nf3 Nc6 3. Bb5 d6 4. d4 Bd7 5. dxe5 Nxe5 6. Bxd7+ Nxd7 7. Nc3 c6 8.
Bf4 Qf6 9. Bg5 Qg6 10. O-O Be7 11. Bxe7 Nxe7 12. Qd2 O-O 13. e5 Nc8 14. Rad1
Nxe5 15. Nxe5 dxe5 16. Rfe1 Qe6 17. Qd7 Qxd7 18. Rxd7 Rb8 19. Rxe5 Nb6 20. Rc7
Nc8 21. Ne4 Nd6 22. Nxd6 Rfd8 23. g3 Rxd6 24. Ree7 Rd2 25. Rxf7 Rxc2 26. Rxg7+
Kf8 27. Rxh7 Kg8 28. Rcg7+ Kf8 29. g4 Re8 30. Rxb7 Rce2 31. Rxa7 Kg8 32. b4 Rb8
33. g5 Rxb4 34. g6 Re8 35. Rh6 Rg4+ 36. Kf1 c5 37. Rah7 Re6 38. Rh8+ Kg7 39.
R8h7+ Kg8 40. g7 Rxh6 41. Rxh6 Kxg7 42. Rc6 Rc4 43. a4 Rc1+ 44. Kg2 c4 45. a5
c3 46. a6 Ra1 47. Rc7+ Kh6 48. a7 c2 49. Rxc2 Kh5 50. Kg3 Rxa7 51. Rc5+ Kh6 52.
f4 Rg7+ 53. Rg5 Rf7 54. Kg4 Rf6 55. h4 Kh7 56. f5 Rf7 57. Rg6 Re7 58. Kg5 Rf7
59. h5 Kh8 60. f6 Rf8 61. Rg7 Rxf6 1/2-1/2

[Event "SR 5. liga SE-SI 2015/2016"]
[Site "?"]
[Date "2017.02.18"]
[Round "7.3"]
[White "Hyza, Richard"]
[Black "Visvader, Rudolf"]
[Result "0-1"]
[WhiteElo "1383"]
[BlackElo "1000"]
[PlyCount "58"]
[EventDate "2016.??.??"]

1. e4 e5 2. Nf3 Nc6 3. Bc4 h6 4. Nc3 Nf6 5. d3 Bc5 6. Be3 d6 7. h3 Bxe3 8. fxe3
O-O 9. Qe2 Ne7 10. O-O b6 11. Rad1 Bb7 12. a3 c6 13. d4 exd4 14. exd4 d5 15.
Bb3 Nh5 16. Qf2 Qd6 17. Ne2 Ba6 18. Rfe1 Ng6 19. exd5 cxd5 20. Rd2 Rae8 21. c3
Bc8 22. Nh2 Ngf4 23. Nxf4 Nxf4 24. Ng4 f6 25. Rdd1 h5 26. Nh2 Bxh3 27. Qf3 Bxg2
28. Qf2 Nh3+ 29. Kxg2 Nxf2 0-1

[Event "SR 5. liga SE-SI 2015/2016"]
[Site "?"]
[Date "2017.02.18"]
[Round "7.3"]
[White "Velicky, Samuel"]
[Black "Daniel, Jakub"]
[Result "0-1"]
[WhiteElo "1000"]
[BlackElo "1000"]
[PlyCount "38"]
[EventDate "2016.??.??"]

1. e4 e5 2. Nf3 Nc6 3. Bc4 Bc5 4. O-O Nf6 5. Nc3 d6 6. d3 Bd7 7. Bg5 Qc8 8. Re1
O-O 9. Qc1 Ng4 10. Na4 Bxf2+ 11. Kf1 Bxe1 12. Nxe1 Nxh2+ 13. Kg1 Ng4 14. Nf3
Be6 15. Bxe6 Qxe6 16. Qd2 f6 17. Re1 fxg5 18. Nxg5 Qh6 19. Rd1 Qh2# 0-1

[Event "SR 5. liga SE-SI 2015/2016"]
[Site "?"]
[Date "2017.02.18"]
[Round "7.3"]
[White "Vyrubal, Ondrej"]
[Black "Buraj, Patrik"]
[Result "0-1"]
[WhiteElo "1000"]
[BlackElo "1000"]
[PlyCount "90"]
[EventDate "2016.??.??"]

1. Nf3 Nc6 2. Nc3 Nf6 3. e3 d5 4. d3 e5 5. e4 Bb4 6. a3 Bxc3+ 7. bxc3 O-O 8.
Be2 dxe4 9. dxe4 Nxe4 10. Qxd8 Rxd8 11. O-O Nxc3 12. Bc4 Be6 13. Bd2 Bxc4 14.
Bxc3 Bxf1 15. Rxf1 f6 16. Nh4 Rd7 17. Nf5 Rad8 18. Re1 Rd1 19. Ne3 Rxe1+ 20.
Bxe1 Nd4 21. c3 Nb3 22. Nf5 Rd1 23. Kf1 Ra1 24. Ne3 Nc1 25. c4 Nd3 26. g3 Rxe1+
27. Kg2 Ra1 28. c5 Nxc5 29. Nc2 Ra2 30. Ne3 Nd3 31. Kf3 Rxf2+ 32. Ke4 Ne1 33.
Kd5 Rxh2 34. Nc4 Rh3 35. a4 Rxg3 36. Kc5 Rc3 37. a5 b6+ 38. Kb4 Rc1 39. a6 Rb1+
40. Ka4 b5+ 41. Ka3 bxc4 42. Ka4 c3 43. Ka5 c2 44. Ka4 c1=Q 45. Ka5 Qa3# 0-1

[Event "SR 5. liga SE-SI 2015/2016"]
[Site "?"]
[Date "2017.02.18"]
[Round "7.4"]
[White "Parizek, Ondrej"]
[Black "Kastler, Peter"]
[Result "0-1"]
[WhiteElo "1000"]
[BlackElo "1752"]
[PlyCount "80"]
[EventDate "2016.??.??"]

1. e4 e6 2. d4 d5 3. Nc3 dxe4 4. Nxe4 Nd7 5. Bb5 Be7 6. Bg5 Bxg5 7. Nxg5 Qxg5
8. Ba4 Qa5+ 9. Qd2 Qxa4 10. Qc3 Qc6 11. Nf3 Qxc3+ 12. bxc3 Ngf6 13. Ne5 O-O 14.
Nxd7 Bxd7 15. O-O b6 16. Rfe1 Rad8 17. Rad1 Nd5 18. c4 Nb4 19. Rd2 a5 20. c3
Nc6 21. h3 Rfe8 22. g4 Ne7 23. f3 Ng6 24. Kg2 Bc6 25. Kg3 Bb7 26. f4 Ba6 27.
Rde2 Bxc4 28. Re3 Bxa2 29. f5 Nf8 30. Kf4 Bc4 31. h4 Bb5 32. h5 exf5 33. Re5
Rxe5 34. Rxe5 Bc6 35. Rxf5 Rd5 36. Rxd5 Bxd5 37. Ke5 Bc4 38. g5 a4 39. d5 a3
40. d6 cxd6+ 0-1

[Event "SR 5. liga SE-SI 2015/2016"]
[Site "?"]
[Date "2017.02.18"]
[Round "7.4"]
[White "Papanek, Lubomir"]
[Black "Romanova, Ela"]
[Result "1-0"]
[WhiteElo "1658"]
[BlackElo "1000"]
[PlyCount "111"]
[EventDate "2016.??.??"]

1. e4 e5 2. f4 d6 3. Nf3 Nc6 4. d4 Bg4 5. dxe5 Be7 6. Be2 f6 7. exd6 Qxd6 8.
Qxd6 Bxd6 9. Bb5 Bxf3 10. gxf3 Nge7 11. Be3 a6 12. Be2 O-O-O 13. a3 Kb8 14. Nd2
Nc8 15. O-O-O Nb6 16. Nc4 Nxc4 17. Bxc4 h6 18. h4 Na5 19. Be2 Rhg8 20. Rhg1 Be7
21. h5 Rxd1+ 22. Rxd1 g5 23. Rg1 Rf8 24. f5 Nc6 25. Bf2 Bd6 26. c3 Re8 27. Kc2
Rd8 28. Rd1 Kc8 29. Bd4 Be5 30. Bc5 Rxd1 31. Kxd1 Kd7 32. Bc4 Bf4 33. b4 Ne5
34. Be2 b6 35. Bd4 b5 36. Bxe5 Bxe5 37. Kc2 Kd6 38. Kb3 Kc6 39. c4 bxc4+ 40.
Kxc4 Bd6 41. a4 Kb6 42. Bd3 a5 43. b5 c6 44. Kd4 cxb5 45. Bxb5 Kc7 46. Kd5 Be7
47. Ke6 Kd8 48. Kf7 Bd6 49. Kxf6 Be7+ 50. Kf7 Bd6 51. Ke6 g4 52. fxg4 Kc7 53.
e5 Kb6 54. Kxd6 Kb7 55. Kd7 Kb6 56. e6 1-0

[Event "SR 5. liga SE-SI 2015/2016"]
[Site "?"]
[Date "2017.02.18"]
[Round "7.4"]
[White "Roman, Milan"]
[Black "Ralbovsky, Milan"]
[Result "1-0"]
[WhiteElo "1000"]
[BlackElo "1520"]
[PlyCount "105"]
[EventDate "2016.??.??"]

1. d4 d5 2. c4 c6 3. Nc3 e6 4. Nf3 f6 5. Bf4 dxc4 6. e3 b5 7. a4 Bd7 8. axb5
cxb5 9. b3 Bb4 10. Qc2 Qc8 11. Rc1 Ne7 12. e4 Qc6 13. Nd2 Bxc3 14. Qxc3 cxb3
15. Qb2 Qb7 16. Qxb3 O-O 17. Bd6 Re8 18. Be2 a5 19. f4 Bc6 20. Qxe6+ Kh8 21.
Bxb8 Raxb8 22. Bh5 Rf8 23. Nb3 Bxe4 24. Nc5 Bd5 25. Nxb7 Bxe6 26. Nxa5 Rfc8 27.
Kf2 Bd5 28. Rhe1 Rxc1 29. Rxc1 g6 30. Be2 b4 31. Rc7 Nf5 32. Rd7 Ba2 33. g4 Nh6
34. h3 b3 35. Bc4 Ng8 36. Nc6 Rc8 37. d5 f5 38. Rb7 fxg4 39. hxg4 Nf6 40. Kf3
Ne8 41. Bxb3 Bxb3 42. Rxb3 Nf6 43. Rd3 Rc7 44. Ne5 Rc5 45. d6 Kg7 46. d7 Nxd7
47. Nxd7 h5 48. Nxc5 hxg4+ 49. Kxg4 Kh6 50. Rd6 Kh7 51. Kg5 Kh8 52. Kxg6 Kg8
53. Rd8# 1-0

[Event "SR 5. liga SE-SI 2015/2016"]
[Site "?"]
[Date "2017.02.18"]
[Round "7.4"]
[White "Jires, Daniel"]
[Black "Dubanova, Kristina"]
[Result "1-0"]
[WhiteElo "1000"]
[BlackElo "1000"]
[PlyCount "63"]
[EventDate "2016.??.??"]

1. d4 d5 2. Bf4 Nc6 3. e3 Bf5 4. a3 e6 5. Ne2 Bd6 6. h3 Nf6 7. Nd2 O-O 8. g4
Be4 9. Rg1 e5 10. Bg5 h6 11. Bxf6 Qxf6 12. dxe5 Bxe5 13. c3 Qg6 14. f4 Bc2 15.
Qc1 Bf6 16. Nf3 Qd3 17. Ned4 Qe4 18. Nxc2 Qxf3 19. g5 Be7 20. gxh6 Bh4+ 21. Kd2
Qf2+ 22. Be2 g6 23. Nd4 Nxd4 24. cxd4 Rfe8 25. Qc3 Re6 26. Raf1 Qh2 27. Qd3
Qxh3 28. f5 Rf6 29. fxg6 Rxg6 30. Rxg6+ fxg6 31. Qxg6+ Kh8 32. Rf8+ 1-0

[Event "SR 5. liga SE-SI 2015/2016"]
[Site "?"]
[Date "2017.03.04"]
[Round "8.1"]
[White "Nemeckay, Dominik"]
[Black "Kanka, Tomas"]
[Result "1-0"]
[WhiteElo "1446"]
[BlackElo "1714"]
[PlyCount "75"]
[EventDate "2016.??.??"]

1. e4 e5 2. Nf3 d6 3. Bc4 Be7 4. d3 Nf6 5. Be3 O-O 6. c3 c6 7. Bb3 a5 8. Nbd2
h6 9. Nf1 Bg4 10. h3 Be6 11. Bc2 Nbd7 12. Ng3 d5 13. d4 exd4 14. Nxd4 Bd6 15.
Ngf5 Bxf5 16. Nxf5 Qc7 17. Qd2 Nxe4 18. Bxe4 dxe4 19. Qxd6 Qxd6 20. Nxd6 f5 21.
O-O-O Ne5 22. Kc2 b5 23. Bd4 Nd3 24. Nb7 b4 25. c4 a4 26. Nc5 Rfd8 27. Nxd3
Rxd4 28. Ne5 c5 29. Rxd4 cxd4 30. Nc6 d3+ 31. Kd2 b3 32. a3 Kf7 33. Rc1 Ke6 34.
c5 Rc8 35. Na7 Rc7 36. Nb5 Rc8 37. c6 Kd5 38. c7 1-0

[Event "SR 5. liga SE-SI 2015/2016"]
[Site "?"]
[Date "2017.03.04"]
[Round "8.1"]
[White "Kastler, Peter"]
[Black "Visvader, Kristof"]
[Result "1/2-1/2"]
[WhiteElo "1751"]
[BlackElo "1285"]
[PlyCount "89"]
[EventDate "2016.??.??"]

1. d4 d5 2. c4 c6 3. Nc3 Nf6 4. cxd5 cxd5 5. e3 Nc6 6. Nf3 Bg4 7. Be2 Bxf3 8.
Bxf3 e6 9. O-O Bb4 10. Bd2 O-O 11. Rc1 Rc8 12. a3 Bxc3 13. Rxc3 Ne7 14. Qb3
Rxc3 15. Bxc3 Qd7 16. Rc1 Rc8 17. Rc2 Qc7 18. Bd1 Ne4 19. f3 Nxc3 20. Rxc3 Nc6
21. Qc2 Qd7 22. Be2 Ne7 23. Kf2 Rxc3 24. Qxc3 Qc6 25. Qb4 Qd7 26. Bb5 Nc6 27.
Ke2 Qc7 28. Bxc6 Qxc6 29. Qc5 Qxc5 30. dxc5 Kf8 31. Kd3 Ke7 32. b4 Kd7 33. b5
e5 34. a4 a6 35. Kc3 a5 36. Kd3 f6 37. f4 g6 38. g4 h6 39. h4 Ke6 40. Ke2 g5
41. hxg5 hxg5 42. fxe5 fxe5 43. Kd3 Kd7 44. Kc3 Kc7 45. Kd3 1/2-1/2

[Event "SR 5. liga SE-SI 2015/2016"]
[Site "?"]
[Date "2017.03.04"]
[Round "8.1"]
[White "Visvader, Rudolf"]
[Black "Zajicek, Ferdinand"]
[Result "0-1"]
[WhiteElo "1242"]
[BlackElo "1796"]
[PlyCount "100"]
[EventDate "2016.??.??"]

1. e4 c5 2. Nc3 Nc6 3. Bc4 Nf6 4. d3 g6 5. h3 Bg7 6. Bg5 d6 7. Qd2 a6 8. Bh6
O-O 9. Nf3 Be6 10. Bxe6 fxe6 11. O-O Qd7 12. Rae1 Nd8 13. g4 Nxg4 14. Bxg7 Kxg7
15. Nh4 Ne5 16. Re3 Rf4 17. d4 Nc4 18. Qd1 Nxe3 19. fxe3 Rxh4 20. Qf3 Qe8 21.
Qg3 Rh5 22. Ne2 Nf7 23. Nf4 Rg5 24. Nxe6+ Kh6 25. Nxg5 Nxg5 26. Qh4+ Kg7 27.
Qxg5 cxd4 28. exd4 Qd7 29. Kh2 Rf8 30. Rxf8 Kxf8 31. Qh6+ Kg8 32. Qg5 Qe6 33.
Qd5 Qxd5 34. exd5 Kf7 35. Kg3 g5 36. Kg4 Kg6 37. c4 h5+ 38. Kg3 b6 39. b4 Kf5
40. c5 bxc5 41. dxc5 dxc5 42. bxc5 Ke5 43. d6 exd6 44. c6 Ke6 45. h4 g4 46. Kf4
d5 47. Kg5 g3 48. Kxh5 g2 49. c7 Kd7 50. c8=Q+ Kxc8 0-1

[Event "SR 5. liga SE-SI 2015/2016"]
[Site "?"]
[Date "2017.03.04"]
[Round "8.1"]
[White "Papanek, Lubomir"]
[Black "Buraj, Patrik"]
[Result "1-0"]
[WhiteElo "1644"]
[BlackElo "1000"]
[PlyCount "83"]
[EventDate "2016.??.??"]

1. e4 e5 2. Nf3 Nc6 3. d4 Nf6 4. Bg5 Be7 5. Nc3 h6 6. Bxf6 Bxf6 7. d5 Nd4 8.
Nxd4 exd4 9. Ne2 Qe7 10. Qd3 c6 11. dxc6 dxc6 12. a3 Qc5 13. b4 Qb6 14. f4 g5
15. e5 Bg7 16. g3 f6 17. Qg6+ Kf8 18. exf6 Rg8 19. fxg7+ Rxg7 20. Qd6+ Re7 21.
Qxh6+ Ke8 22. Qh8+ Kd7 23. O-O-O c5 24. bxc5 Qxc5 25. Qxd4+ Kc6 26. Qxc5+ Kxc5
27. Rd8 Rd7 28. Rxd7 Bxd7 29. fxg5 Re8 30. Nf4 Re1+ 31. Kd2 Re8 32. Bd3 Rf8 33.
h4 Bf5 34. Bxf5 Rxf5 35. g6 Re5 36. h5 Re8 37. g7 Rd8+ 38. Kc3 Rg8 39. h6 Re8
40. Rh5+ Kc6 41. h7 Re3+ 42. Kb2 1-0

[Event "SR 5. liga SE-SI 2015/2016"]
[Site "?"]
[Date "2017.03.04"]
[Round "8.1"]
[White "Viveiros, Cristino"]
[Black "Ralbovsky, Milan"]
[Result "0-1"]
[WhiteElo "1000"]
[BlackElo "1500"]
[PlyCount "90"]
[EventDate "2016.??.??"]

1. e4 e5 2. Nf3 d6 3. Nc3 Bg4 4. h3 Bxf3 5. Qxf3 c6 6. Bc4 Nf6 7. d3 Be7 8. Be3
h6 9. O-O-O b5 10. Qf5 bxc4 11. dxc4 Qd7 12. Qf3 a6 13. Bb6 c5 14. b3 Qc6 15.
Na4 Qxe4 16. Qxe4 Nxe4 17. f3 Nf2 18. Rhf1 Nxd1 19. Rxd1 Nc6 20. a3 O-O 21. Rd3
Rfc8 22. c3 Rab8 23. g4 Bd8 24. Rxd6 Bxb6 25. Nxb6 Rxb6 26. Kb2 Rd8 27. Rd5
Rxd5 28. cxd5 Na5 29. b4 cxb4 30. cxb4 Nc4+ 31. Kb3 Nd2+ 32. Ka4 Nxf3 33. d6
Rxd6 34. Ka5 e4 35. b5 axb5 36. Kxb5 e3 37. a4 e2 38. a5 e1=Q 39. a6 Qe5+ 40.
Kb4 Rxa6 41. g5 Qxg5 42. Kc4 Ra4+ 43. Kd3 Qg3 44. Kc2 Ra2+ 45. Kc1 Qg1# 0-1

[Event "SR 5. liga SE-SI 2015/2016"]
[Site "?"]
[Date "2017.03.04"]
[Round "8.2"]
[White "Tomasovic, Roman"]
[Black "Brunovsky, Peter"]
[Result "0-1"]
[WhiteElo "1599"]
[BlackElo "1818"]
[PlyCount "42"]
[EventDate "2016.??.??"]

1. b3 Nf6 2. Bb2 g6 3. Nf3 Bg7 4. d3 O-O 5. e4 d6 6. Be2 Na6 7. Nbd2 c5 8. O-O
Bd7 9. c4 Nc7 10. a4 a6 11. h3 b5 12. axb5 axb5 13. Rxa8 Qxa8 14. Qa1 Qb7 15.
Qc1 Ra8 16. Nb1 Bc6 17. Nfd2 Rb8 18. f3 bxc4 19. dxc4 Ne6 20. Bd1 Nf4 21. Bc2
Ne2+ 0-1

[Event "SR 5. liga SE-SI 2015/2016"]
[Site "?"]
[Date "2017.03.04"]
[Round "8.2"]
[White "Vlk, Jaroslav"]
[Black "Tomasovic, Pavol"]
[Result "0-1"]
[WhiteElo "1481"]
[BlackElo "1279"]
[PlyCount "82"]
[EventDate "2016.??.??"]

1. d4 d5 2. c4 e6 3. Nf3 Nf6 4. Bf4 Bd6 5. g3 Bxf4 6. gxf4 O-O 7. e3 Nbd7 8.
Nc3 a6 9. Bd3 dxc4 10. Bxc4 b5 11. Bd3 Bb7 12. Rg1 c5 13. b3 Qc7 14. Ne5 cxd4
15. Nxd7 Qxc3+ 16. Ke2 Nxd7 17. Rc1 Qa5 18. exd4 Rac8 19. Bb1 Rxc1 20. Qxc1 Rc8
21. Qe3 Qc3 22. Rg3 Qxe3+ 23. Rxe3 Nf6 24. h3 Nd5 25. Rf3 Nc3+ 26. Rxc3 Rxc3
27. Bd3 h6 28. Kd2 Rc7 29. h4 Rd7 30. Ke3 Bd5 31. f3 f6 32. Be4 Bxe4 33. fxe4
g5 34. hxg5 hxg5 35. fxg5 fxg5 36. e5 Kg7 37. a3 g4 38. a4 bxa4 39. bxa4 g3 40.
a5 g2 41. Kf2 Rxd4 0-1

[Event "SR 5. liga SE-SI 2015/2016"]
[Site "?"]
[Date "2017.03.04"]
[Round "8.2"]
[White "Fajtakova, Silvia"]
[Black "Ralbovsky, Dominik"]
[Result "1-0"]
[WhiteElo "1281"]
[BlackElo "1000"]
[PlyCount "105"]
[EventDate "2016.??.??"]

1. e4 e5 2. Nf3 Nc6 3. Bb5 d6 4. d4 a6 5. Ba4 b5 6. Bb3 Nf6 7. Qd3 Bg4 8. c3 g6
9. Ng5 d5 10. exd5 Nxd5 11. O-O Bf5 12. Qf3 Nce7 13. dxe5 Qd7 14. h3 Bg7 15.
Rd1 c6 16. Bf4 O-O 17. c4 bxc4 18. Bxc4 Rfb8 19. b3 Rd8 20. Nc3 Be6 21. Rd2 Bf5
22. Rad1 Qb7 23. Nxd5 Nxd5 24. Bxd5 cxd5 25. Rxd5 Rxd5 26. Qxd5 Qxd5 27. Rxd5
Bh6 28. Rd4 Rc8 29. Nf3 Bg7 30. Rd6 Ra8 31. Rc6 Be4 32. Rc7 Bd5 33. Rd7 Be6 34.
Rd6 Bf8 35. Rb6 Bc5 36. Rc6 Bb4 37. Rc7 Ba5 38. Rc1 Bd8 39. Nd4 g5 40. Nxe6
fxe6 41. Be3 h6 42. Rc6 Kf7 43. f4 Kg6 44. Rxe6+ Kg7 45. f5 Rc8 46. Rxa6 Rc2
47. Ra7+ Bc7 48. Bb6 Kf8 49. Bxc7 Ke8 50. Bd6 Rc8 51. f6 Rc6 52. f7+ Kd8 53.
f8=Q# 1-0

[Event "SR 5. liga SE-SI 2015/2016"]
[Site "?"]
[Date "2017.03.04"]
[Round "8.2"]
[White "Hyza, Richard"]
[Black "Novomesky, Roman"]
[Result "1/2-1/2"]
[WhiteElo "1383"]
[BlackElo "1005"]
[PlyCount "62"]
[EventDate "2016.??.??"]

1. e4 e5 2. Nf3 Nc6 3. Bc4 Nf6 4. Nc3 Be7 5. d3 d6 6. Be3 Be6 7. O-O O-O 8. Qe2
Nd4 9. Bxd4 exd4 10. Nxd4 Bg4 11. Nf3 c6 12. a3 Qd7 13. Qe3 d5 14. Ba2 Rfe8 15.
Rfe1 b6 16. exd5 Bc5 17. Qf4 Nh5 18. dxc6 Nxf4 19. cxd7 Bxd7 20. Nd5 Nxd5 21.
Bxd5 Rad8 22. Ne5 Be6 23. Bc6 Re7 24. Bf3 Rde8 25. Nc6 Rc7 26. c4 Kf8 27. Re2
Bd7 28. Ne5 Bd4 29. Nxd7+ Rxd7 30. Rxe8+ Kxe8 31. Re1+ Re7 1/2-1/2

[Event "SR 5. liga SE-SI 2015/2016"]
[Site "?"]
[Date "2017.03.04"]
[Round "8.2"]
[White "Novomeska, Karin"]
[Black "Daniel, Jakub"]
[Result "1-0"]
[WhiteElo "1094"]
[BlackElo "1000"]
[PlyCount "65"]
[EventDate "2016.??.??"]

1. d4 d5 2. c4 e6 3. Nc3 Nf6 4. Bg5 Be7 5. Nf3 Nc6 6. e3 b6 7. Bd3 Ba6 8. cxd5
Bxd3 9. Qxd3 exd5 10. Qb5 Qd6 11. Bxf6 a6 12. Qxd5 Qxf6 13. Ne4 Bb4+ 14. Ke2
Qg6 15. Ne5 Qe6 16. Qxe6+ fxe6 17. Nxc6 a5 18. Nxb4 axb4 19. Rhc1 O-O 20. Rxc7
b3 21. a3 b5 22. Rac1 Rab8 23. Re7 b4 24. a4 Rbc8 25. Rxc8 Rxc8 26. Rxe6 Rc2+
27. Kd3 Rxb2 28. Ng5 g6 29. a5 Ra2 30. a6 b2 31. Kc2 b3+ 32. Kb1 Kg7 33. d5 {
nehratelnÃ} 1-0

[Event "SR 5. liga SE-SI 2015/2016"]
[Site "?"]
[Date "2017.03.04"]
[Round "8.3"]
[White "Buran, Andrej Ml"]
[Black "Zlamal, Marek"]
[Result "1/2-1/2"]
[WhiteElo "1627"]
[BlackElo "1827"]
[PlyCount "120"]
[EventDate "2016.??.??"]

1. e4 c5 2. Nf3 d6 3. d4 cxd4 4. Nxd4 Nf6 5. Nc3 g6 6. Bg5 Bg7 7. Bc4 Qa5 8.
Bxf6 Bxf6 9. O-O O-O 10. Nd5 Bg5 11. b4 Qd8 12. b5 e6 13. Nc3 Nd7 14. Bxe6 Bf6
15. Bxd7 Bxd7 16. Rb1 Rc8 17. Nd5 Bg7 18. Qd3 Re8 19. f3 Qh4 20. b6 a6 21. Nc7
Re5 22. f4 Rh5 23. Nf3 Qxf4 24. Nd5 Rxd5 25. Qxd5 Bc6 26. Qd2 Qxe4 27. Qxd6
Qxc2 28. Qd2 Qf5 29. Qg5 Qe6 30. Rbd1 Bf6 31. Qd2 Bb5 32. Rfe1 Qxb6+ 33. Kh1
Ba4 34. Rb1 Qa7 35. Qf4 Bc3 36. Qxa4 Bxe1 37. Rxe1 b5 38. Qd4 Qc7 39. Qe5 Qc4
40. Qe2 Qd5 41. h3 a5 42. a3 b4 43. axb4 axb4 44. Rd1 Qc6 45. Qe7 Qc2 46. Rd8+
Rxd8 47. Qxd8+ Kg7 48. Qd4+ Kg8 49. Qxb4 h6 50. Qe7 Qc1+ 51. Qe1 Qf4 52. Qd2
Qxd2 53. Nxd2 Kg7 54. Kh2 Kf6 55. Kg3 Kf5 56. Kf3 Kg5 57. Ne4+ Kh4 58. Nd6 f5
59. Kf4 g5+ 60. Kxf5 Kg3 1/2-1/2

[Event "SR 5. liga SE-SI 2015/2016"]
[Site "?"]
[Date "2017.03.04"]
[Round "8.3"]
[White "Svrcek, Daniel"]
[Black "Nater, Nikolas"]
[Result "0-1"]
[WhiteElo "1299"]
[BlackElo "1264"]
[PlyCount "64"]
[EventDate "2016.??.??"]

1. e4 e5 2. Nf3 Nc6 3. Bb5 Bc5 4. c3 Nf6 5. d3 d6 6. Bg5 h6 7. Bh4 g5 8. Bg3 h5
9. h3 h4 10. Bh2 Rg8 11. Qc2 g4 12. Nxh4 Nxe4 13. dxe4 Qxh4 14. Bg3 Qh6 15.
hxg4 Qxh1+ 16. Kd2 Qxg2 17. Kd3 Rxg4 18. Qe2 d5 19. Nd2 dxe4+ 20. Nxe4 Bf5 21.
Re1 O-O-O+ 22. Kc2 Rxe4 23. Qh5 Re2+ 24. Kb3 Be6+ 25. c4 Rd3+ 26. Ka4 Rxb2 27.
Qh8+ Kd7 28. Bxc6+ bxc6 29. Re3 Bxc4 30. Rxd3+ Bxd3 31. Qxe5 Bb5+ 32. Ka5 Bb4#
0-1

[Event "SR 5. liga SE-SI 2015/2016"]
[Site "?"]
[Date "2017.03.04"]
[Round "8.3"]
[White "Valent, Tomas"]
[Black "Horak, Viliam"]
[Result "0-1"]
[WhiteElo "1000"]
[BlackElo "1221"]
[PlyCount "120"]
[EventDate "2016.??.??"]

1. e4 e5 2. Nf3 Nc6 3. Bb5 a6 4. Ba4 Nf6 5. d3 d6 6. Nc3 b5 7. Bb3 Na5 8. O-O
Nxb3 9. axb3 Bg4 10. Bg5 Be7 11. h3 Bh5 12. Nd5 Nxd5 13. Bxe7 Nxe7 14. c3 c6
15. d4 exd4 16. cxd4 O-O 17. d5 cxd5 18. exd5 Re8 19. Qd3 Bg6 20. Qd4 Nf5 21.
Qf4 a5 22. Nd2 Ne7 23. Qg5 Nc8 24. Qg3 Nb6 25. Qf3 Qf6 26. Qg3 Nxd5 27. Rfe1
Rxe1+ 28. Rxe1 h6 29. Rd1 Qf4 30. Nf1 Qxg3 31. Nxg3 Ne7 32. Rxd6 Nf5 33. Rd5
Nxg3 34. fxg3 b4 35. Kf2 Bc2 36. Kf3 Bxb3 37. Rd3 Bc4 38. Rd4 Be6 39. g4 b3 40.
Kf4 a4 41. h4 g6 42. g5 hxg5+ 43. hxg5 a3 44. bxa3 b2 45. Rb4 Rxa3 46. Rxb2 Ra2
47. Rb8+ Kg7 48. g3 Ra4+ 49. Kf3 Rg4 50. Re8 Rxg5 51. g4 Bxg4+ 52. Kf4 Bd7 53.
Re7 Rf5+ 54. Ke4 Bc6+ 55. Ke3 Kf6 56. Rc7 Bd5 57. Rd7 Be6 58. Rd4 g5 59. Rd1 g4
60. Rg1 Kg5 0-1

[Event "SR 5. liga SE-SI 2015/2016"]
[Site "?"]
[Date "2017.03.04"]
[Round "8.3"]
[White "Sefcik, Oliver"]
[Black "Kaufmanova, Karin"]
[Result "1-0"]
[WhiteElo "1079"]
[BlackElo "1000"]
[PlyCount "57"]
[EventDate "2016.??.??"]

1. e4 e5 2. Nf3 Nc6 3. Bc4 Bc5 4. c3 Nf6 5. d4 exd4 6. cxd4 Bb4+ 7. Nc3 O-O 8.
Bg5 d6 9. h3 Bd7 10. O-O Re8 11. Re1 Na5 12. Bd3 c5 13. a3 Bxc3 14. bxc3 c4 15.
Bc2 Bc6 16. e5 dxe5 17. dxe5 Bxf3 18. Qxf3 Re6 19. exf6 gxf6 20. Bxf6 Rxf6 21.
Qe4 Re6 22. Qxh7+ Kf8 23. Rxe6 fxe6 24. Bg6 Qf6 25. Rd1 Nc6 26. Rd7 Ne5 27.
Qh6+ Kg8 28. Bh7+ Kh8 29. Qxf6# 1-0

[Event "SR 5. liga SE-SI 2015/2016"]
[Site "?"]
[Date "2017.03.04"]
[Round "8.3"]
[White "Otepka, Peter"]
[Black "Ivanova, Nicol"]
[Result "1-0"]
[WhiteElo "1000"]
[BlackElo "1000"]
[PlyCount "93"]
[EventDate "2016.??.??"]

1. e4 e5 2. Nf3 Nc6 3. Bc4 Bc5 4. d3 h6 5. O-O Nf6 6. h3 d5 7. Bb3 Be6 8. Be3
d4 9. Bxe6 fxe6 10. Bd2 Qe7 11. c3 O-O-O 12. b4 dxc3 13. Bxc3 Bxb4 14. Qc2 g5
15. a3 Bc5 16. Nxe5 Nd4 17. Bxd4 Bxd4 18. Ng6 Qd6 19. Nxh8 Rxh8 20. Nc3 Qf4 21.
Ne2 Qe5 22. Rac1 c6 23. Nxd4 Qxd4 24. Kh1 g4 25. f3 gxh3 26. gxh3 Rg8 27. f4
Nh5 28. Rg1 Ng3+ 29. Kh2 Qe3 30. Qg2 Qe2 31. Qxe2 Nxe2 32. Rxg8+ Kc7 33. Rf1 b5
34. f5 exf5 35. exf5 Nd4 36. f6 c5 37. f7 Ne6 38. Re1 Kd6 39. Rxe6+ Kxe6 40.
f8=Q c4 41. dxc4 bxc4 42. Rg6+ Kd5 43. Qf7+ Kd4 44. Qf4+ Kd3 45. Rg3+ Kc2 46.
Qf2+ Kd1 47. Rg1# 1-0

[Event "SR 5. liga SE-SI 2015/2016"]
[Site "?"]
[Date "2017.03.04"]
[Round "8.4"]
[White "Moravec, Milan"]
[Black "Stasek, Daniel"]
[Result "1/2-1/2"]
[WhiteElo "1674"]
[BlackElo "1600"]
[PlyCount "66"]
[EventDate "2016.??.??"]

1. d4 d5 2. c4 e6 3. Nc3 Nf6 4. Bg5 Be7 5. e3 O-O 6. Nf3 Re8 7. Bd3 h6 8. Bh4
Nbd7 9. O-O dxc4 10. Bxc4 c6 11. Rc1 Qb6 12. Qb3 Qxb3 13. Bxb3 Bd6 14. Rfd1 g5
15. Bg3 Bxg3 16. hxg3 Nd5 17. Nxd5 exd5 18. Bc2 Nf6 19. Ne5 Kg7 20. b4 Ng4 21.
Nxg4 Bxg4 22. Rd2 a6 23. Bd3 Kf6 24. Rdc2 Bf5 25. Bxf5 Kxf5 26. Rc5 Ke6 27. a4
Kd6 28. b5 axb5 29. axb5 Rac8 30. bxc6 Rxc6 31. Rxc6+ bxc6 32. g4 Rc8 33. f3
Re8 1/2-1/2

[Event "SR 5. liga SE-SI 2015/2016"]
[Site "?"]
[Date "2017.03.04"]
[Round "8.4"]
[White "Cambal, Peter"]
[Black "Cerovsky, Marian"]
[Result "0-1"]
[WhiteElo "1473"]
[BlackElo "1803"]
[PlyCount "56"]
[EventDate "2016.??.??"]

1. e4 e5 2. f4 exf4 3. Nf3 Be7 4. Bc4 Bh4+ 5. Kf1 d6 6. d4 Bg5 7. Nc3 Bg4 8.
Kf2 c6 9. Rf1 b5 10. Bb3 Ne7 11. Qd3 Bh6 12. Kg1 O-O 13. e5 d5 14. Ne2 Ng6 15.
c3 Bxf3 16. Rxf3 Qh4 17. Bd2 Re8 18. Raf1 Nd7 19. Bc2 Ndf8 20. Bxf4 Bxf4 21.
Nxf4 Re7 22. Qf5 Rc7 23. Rh3 Qe7 24. Rhf3 Nh4 25. Qh5 Nxf3+ 26. Rxf3 h6 27. Rg3
Kh8 28. Ng6+ fxg6 0-1